<?xml version="1.0" encoding="UTF-8"?>
<record
    xmlns:xsi="http://www.w3.org/2001/XMLSchema-instance"
    xsi:schemaLocation="http://www.loc.gov/MARC21/slim http://www.loc.gov/standards/marcxml/schema/MARC21slim.xsd"
    xmlns="http://www.loc.gov/MARC21/slim">

  <leader>00555cam a22002054a 4500</leader>
  <controlfield tag="005">20251006134100.0</controlfield>
  <datafield tag="020" ind1=" " ind2=" ">
    <subfield code="a">9789987080748</subfield>
    <subfield code="c">TZS.40,000/=</subfield>
  </datafield>
  <datafield tag="040" ind1=" " ind2=" ">
    <subfield code="a">MCCL</subfield>
    <subfield code="b">eng.</subfield>
    <subfield code="e">AACR 2nd rev.ed.</subfield>
  </datafield>
  <datafield tag="082" ind1=" " ind2=" ">
    <subfield code="a">343.099 MAM</subfield>
  </datafield>
  <datafield tag="100" ind1=" " ind2=" ">
    <subfield code="a">Mambi,Adam J.</subfield>
  </datafield>
  <datafield tag="245" ind1="1" ind2="0">
    <subfield code="a">ICT law book</subfield>
    <subfield code="c">/ Adam J. Mambi</subfield>
  </datafield>
  <datafield tag="260" ind1=" " ind2=" ">
    <subfield code="a">Dar es salaam:</subfield>
    <subfield code="b">Mkuki na Nyota. ;</subfield>
    <subfield code="c">c 2010.</subfield>
  </datafield>
  <datafield tag="300" ind1=" " ind2=" ">
    <subfield code="a">xxi,296 p. :</subfield>
    <subfield code="c">23 cm.</subfield>
  </datafield>
  <datafield tag="504" ind1=" " ind2=" ">
    <subfield code="a">Includes subject index.</subfield>
  </datafield>
  <datafield tag="650" ind1=" " ind2="0">
    <subfield code="a">Property rights</subfield>
  </datafield>
  <datafield tag="650" ind1=" " ind2="0">
    <subfield code="a">Information law</subfield>
  </datafield>
  <datafield tag="650" ind1=" " ind2="0">
    <subfield code="a">Cyber crimes</subfield>
  </datafield>
  <datafield tag="700" ind1=" " ind2=" ">
    <subfield code="a">Mambi,Adam J.</subfield>
  </datafield>
  <datafield tag="942" ind1=" " ind2=" ">
    <subfield code="c">BK</subfield>
  </datafield>
  <datafield tag="999" ind1=" " ind2=" ">
    <subfield code="c">12105</subfield>
    <subfield code="d">12105</subfield>
  </datafield>
  <datafield tag="952" ind1=" " ind2=" ">
    <subfield code="0">0</subfield>
    <subfield code="1">0</subfield>
    <subfield code="4">0</subfield>
    <subfield code="7">0</subfield>
    <subfield code="a">MU002</subfield>
    <subfield code="b">MU002</subfield>
    <subfield code="d">2016-06-01</subfield>
    <subfield code="e">Elite Book Store</subfield>
    <subfield code="l">0</subfield>
    <subfield code="o">343.099 MAM</subfield>
    <subfield code="p">001654</subfield>
    <subfield code="r">2025-10-06 13:36:58</subfield>
    <subfield code="t">1</subfield>
    <subfield code="w">2025-10-06</subfield>
    <subfield code="y">BK</subfield>
  </datafield>
  <datafield tag="952" ind1=" " ind2=" ">
    <subfield code="0">0</subfield>
    <subfield code="1">0</subfield>
    <subfield code="4">0</subfield>
    <subfield code="7">0</subfield>
    <subfield code="a">MU002</subfield>
    <subfield code="b">MU002</subfield>
    <subfield code="d">2016-06-01</subfield>
    <subfield code="e">Elite Book Store</subfield>
    <subfield code="l">0</subfield>
    <subfield code="o">343.099 MAM</subfield>
    <subfield code="p">001655</subfield>
    <subfield code="r">2025-10-06 13:36:58</subfield>
    <subfield code="t">2</subfield>
    <subfield code="w">2025-10-06</subfield>
    <subfield code="y">BK</subfield>
  </datafield>
  <datafield tag="952" ind1=" " ind2=" ">
    <subfield code="0">0</subfield>
    <subfield code="1">0</subfield>
    <subfield code="4">0</subfield>
    <subfield code="7">0</subfield>
    <subfield code="a">MU002</subfield>
    <subfield code="b">MU002</subfield>
    <subfield code="d">2016-06-01</subfield>
    <subfield code="e">Elite Book Store</subfield>
    <subfield code="l">0</subfield>
    <subfield code="o">343.099 MAM</subfield>
    <subfield code="p">001656</subfield>
    <subfield code="r">2025-10-06 13:36:58</subfield>
    <subfield code="t">3</subfield>
    <subfield code="w">2025-10-06</subfield>
    <subfield code="y">BK</subfield>
  </datafield>
  <datafield tag="952" ind1=" " ind2=" ">
    <subfield code="0">0</subfield>
    <subfield code="1">0</subfield>
    <subfield code="4">0</subfield>
    <subfield code="7">0</subfield>
    <subfield code="a">MU002</subfield>
    <subfield code="b">MU002</subfield>
    <subfield code="d">2016-06-01</subfield>
    <subfield code="e">Elite Book Store</subfield>
    <subfield code="l">0</subfield>
    <subfield code="o">343.099 MAM</subfield>
    <subfield code="p">001657</subfield>
    <subfield code="r">2025-10-06 13:36:58</subfield>
    <subfield code="t">4</subfield>
    <subfield code="w">2025-10-06</subfield>
    <subfield code="y">BK</subfield>
  </datafield>
  <datafield tag="952" ind1=" " ind2=" ">
    <subfield code="0">0</subfield>
    <subfield code="1">0</subfield>
    <subfield code="4">0</subfield>
    <subfield code="7">0</subfield>
    <subfield code="a">MU002</subfield>
    <subfield code="b">MU002</subfield>
    <subfield code="d">2016-06-01</subfield>
    <subfield code="e">Elite Book Store</subfield>
    <subfield code="l">0</subfield>
    <subfield code="o">343.099 MAM</subfield>
    <subfield code="p">001658</subfield>
    <subfield code="r">2025-10-06 13:36:58</subfield>
    <subfield code="t">5</subfield>
    <subfield code="w">2025-10-06</subfield>
    <subfield code="y">BK</subfield>
  </datafield>
  <datafield tag="952" ind1=" " ind2=" ">
    <subfield code="0">0</subfield>
    <subfield code="1">0</subfield>
    <subfield code="4">0</subfield>
    <subfield code="7">0</subfield>
    <subfield code="a">MU002</subfield>
    <subfield code="b">MU002</subfield>
    <subfield code="d">2016-06-01</subfield>
    <subfield code="e">Elite Book Store</subfield>
    <subfield code="l">0</subfield>
    <subfield code="o">343.099 MAM</subfield>
    <subfield code="p">001659</subfield>
    <subfield code="r">2025-10-06 13:36:58</subfield>
    <subfield code="t">6</subfield>
    <subfield code="w">2025-10-06</subfield>
    <subfield code="y">BK</subfield>
  </datafield>
  <datafield tag="952" ind1=" " ind2=" ">
    <subfield code="0">0</subfield>
    <subfield code="1">0</subfield>
    <subfield code="4">0</subfield>
    <subfield code="7">0</subfield>
    <subfield code="a">MU002</subfield>
    <subfield code="b">MU002</subfield>
    <subfield code="d">2016-06-01</subfield>
    <subfield code="e">Elite Book Store</subfield>
    <subfield code="l">0</subfield>
    <subfield code="o">343.099 MAM</subfield>
    <subfield code="p">001660</subfield>
    <subfield code="r">2025-10-06 13:36:58</subfield>
    <subfield code="t">7</subfield>
    <subfield code="w">2025-10-06</subfield>
    <subfield code="y">BK</subfield>
  </datafield>
  <datafield tag="952" ind1=" " ind2=" ">
    <subfield code="0">0</subfield>
    <subfield code="1">0</subfield>
    <subfield code="4">0</subfield>
    <subfield code="7">0</subfield>
    <subfield code="a">MU002</subfield>
    <subfield code="b">MU002</subfield>
    <subfield code="d">2016-06-01</subfield>
    <subfield code="e">Elite Book Store</subfield>
    <subfield code="l">0</subfield>
    <subfield code="o">343.099 MAM</subfield>
    <subfield code="p">001661</subfield>
    <subfield code="r">2025-10-06 13:36:58</subfield>
    <subfield code="t">8</subfield>
    <subfield code="w">2025-10-06</subfield>
    <subfield code="y">BK</subfield>
  </datafield>
  <datafield tag="952" ind1=" " ind2=" ">
    <subfield code="0">0</subfield>
    <subfield code="1">0</subfield>
    <subfield code="4">0</subfield>
    <subfield code="7">0</subfield>
    <subfield code="a">MU002</subfield>
    <subfield code="b">MU002</subfield>
    <subfield code="d">2016-06-01</subfield>
    <subfield code="e">Elite Book Store</subfield>
    <subfield code="l">0</subfield>
    <subfield code="o">343.099 MAM</subfield>
    <subfield code="p">001662</subfield>
    <subfield code="r">2025-10-06 13:36:58</subfield>
    <subfield code="t">9</subfield>
    <subfield code="w">2025-10-06</subfield>
    <subfield code="y">BK</subfield>
  </datafield>
</record>
